Toutes les communes françaises desservies par un métro - Statistiques

Statistiques générales
  • Ce quiz a été pris 88 fois
  • Le résultat moyen est 33 sur 66
Statistiques - réponses
Hint Réponse % Correct
OrlyVal Orly
85%
Paris Paris
85%
Lyon Lyon
83%
Rennes Rennes
81%
Toulouse Toulouse
81%
Lille Lille
78%
Paris Saint-Denis
78%
Marseille Marseille
77%
Paris Aubervilliers
74%
Paris Montreuil
73%
Lille Roubaix
73%
Paris Boulogne-Billancourt
72%
Lyon Villeurbanne
72%
Paris Créteil
70%
Lille Tourcoing
69%
Paris Vincennes
68%
Paris Issy-les-Moulineaux
67%
Paris Neuilly-sur-Seine
67%
Paris Ivry-sur-Seine
65%
Paris Saint-Ouen
64%
CDGVAL Roissy-en-France
62%
Paris Levallois-Perret
60%
Paris Asnières-sur-Seine
59%
Paris Montrouge
59%
Paris Pantin
59%
Lyon Vénissieux
59%
Lille Villeneuve-d'Ascq
56%
Paris Bobigny
54%
Paris Clichy
52%
Paris Les Lilas
52%
Paris La Courneuve
51%
Paris Villejuif
51%
Paris Puteaux
48%
Lyon Vaulx-en-Velin
48%
OrlyVal Antony
47%
Lyon Bron
46%
Lyon Caluire-et-Cuire
46%
Paris Le Kremlin-Bicêtre
46%
Paris Malakoff
46%
Paris Bagneux
44%
Paris Bagnolet
44%
Paris Saint-Mandé
44%
Paris Courbevoie
42%
Paris Maisons-Alfort
42%
Paris Charenton-le-Pont
41%
Paris Chatillon
41%
Paris Gennevilliers
41%
Rennes Cesson-Sévigné
40%
Lyon Oullins-Pierre-Bénite
40%
Paris Romainville
40%
Paris Rosny-sous-Bois
40%
Toulouse Balma
35%
CDGVAL Tremblay-en-France
35%
Lille Croix
32%
Lille Mons-en-Barœul
31%
Paris Noisy-le-Sec
27%
Lyon Saint-Genis-Laval
27%
Lille Wasquehal
27%
Toulouse Ramonville-Saint-Agne
26%
Rennes Saint-Jacques-de-la-Lande
26%
OrlyVal Wissous
23%
OrlyVal Paray-Vieille-Poste
21%
Lille Lambersart
20%
CDGVAL Le-Mesnil-Amelot
15%
CDGVAL Mauregard
9%
Toulouse Labège
7%
Aucun quiz correspondant
Distribution des résultats
% des personnes avec chaque résultat
Percentile par nombre de réponses
Votre historique - résultats
Vous n’avez pas pris ce quiz